• 首页
  • 本馆介绍
  • 公告通知
  • 最新文献
  • 馆藏检索
  • 电子资源
  • 读者导购
  • 参考咨询
  • 我的图书馆
  • 登录
  • 详细信息显示
  • 放入我的书架
  • 预约/预借图书
  • 作者相关作品
  • 分类相关作品
  • 丛书相关作品
  • 出版社相关作品

书目信息

  • 表格格式
  • 工作单格式
  • 卡片格式
题名:
中国科学院近海海洋观测研究网络黄海站、东海站观测数据集
    
 
作者: 刘长华 , 王彦俊 主编
分册:  
出版信息: 北京   海洋出版社  2017.09
页数: 264页
开本: 29cm
丛书名:
单 册:
中图分类: P717
科图分类:
主题词:
电子资源:
ISBN: 978-7-5027-9927-4
000 01167nam0 2200241 450
001 3811
005 20181008152655.42
010    @a978-7-5027-9927-4@dCNY128.00
100    @a20171222d2017 em y0chiy50 ea
101 0  @achi
102    @aCN@b110000
105    @aa z 000yy
200 1  @a中国科学院近海海洋观测研究网络黄海站、东海站观测数据集@9zhong guo ke xue yuan jin hai hai yang guan ce yan jiu wang luo huang hai zhan、dong hai zhan guan ce shu ju ji@e2009.06—2010.12@f刘长华,王彦俊主编
210    @a北京@c海洋出版社@d2017.09
215    @a264页@c彩图@d29cm
330    @a本图集所展示数据曲线的观测范围主要分布于我国北黄海海域、山东外海海域和舟山群岛附近海域,针对三大观测区域所对应的核心科学问题分别为黄海冷水团强弱年际变化造成水团边界变化对海洋环境和渔业养殖模式的影响评价、胶东半岛外海沿岸流对微系统气候影响的响应机制和黑潮上升流及浙江沿岸流混合作用下对我国长江口附近海域生态环境变化的影响评价。
607    @a黄海@x海洋监测@x资料@z2009-2010
607    @a东海@x海洋监测@x资料@z2009-2010
690    @aP717@v5
701  0 @a刘长华@9liu chang hua@4主编
701  0 @a王彦俊@9wang yan jun@4主编
801  0 @aCN@b91MARC@c20171222
905    @aMuseLib@dP717@e94
    
    中国科学院近海海洋观测研究网络黄海站、东海站观测数据集:2009.06—2010.12/刘长华,王彦俊主编.-北京:海洋出版社,2017.09
    264页:彩图;29cm
    
    
    ISBN 978-7-5027-9927-4:CNY128.00
    本图集所展示数据曲线的观测范围主要分布于我国北黄海海域、山东外海海域和舟山群岛附近海域,针对三大观测区域所对应的核心科学问题分别为黄海冷水团强弱年际变化造成水团边界变化对海洋环境和渔业养殖模式的影响评价、胶东半岛外海沿岸流对微系统气候影响的响应机制和黑潮上升流及浙江沿岸流混合作用下对我国长江口附近海域生态环境变化的影响评价。
●
相关链接 在E读中查询图书 在五车中查询图书 在当当中查询图书 在豆瓣中查询图书


正题名:中国科学院近海海洋观测研究网络黄海站、东海站观测数据集     索取号:P717/94         预约/预借

序号 登录号 条形码 馆藏地/架位号 状态 备注
1 1123823   211238230   第二样本阅览室/ [索取号:P717/94] 在馆    
2 1123824   211238249   密集书库-生命科学系/ [索取号:P717/94] 在馆    
3 1123825   211238258   第三借阅区/ [索取号:P717/94] 在馆    
唐山师范学院图书馆 欢迎您!
大连网信软件有限公司© 版权所有